| 000 | 00749pam a2200229 a 4500 | ||
|---|---|---|---|
| 001 | 2071232 | ||
| 005 | 20180221051251.0 | ||
| 008 | 941221s1995 deua b 001 0 eng | ||
| 010 | _a 94045949 | ||
| 020 | _a0872071286 | ||
| 040 |
_aDLC _cDLC _dDLC |
||
| 041 | _aeng | ||
| 080 | _a370/.78 SUS | ||
| 082 | 0 | 0 |
_a370/.78 SUS _220 |
| 100 | _a47 | ||
| 101 | _aEDU | ||
| 245 | 0 | 0 |
_aSingle-subject experimental research : _cSusan B. Neuman and Sandra McCormick, editors. |
| 504 | _aIncludes bibliographical references and indexes. | ||
| 906 |
_a7 _bcbc _corignew _d1 _eocip _f19 _gy-gencatlg |
||
| 942 |
_2ddc _cBK |
||
| 999 |
_c43035 _d43035 |
||